书目信息 |
| 题名: |
化工腐蚀与防护
|
|
| 作者: | 丁丕洽 主编 | |
| 分册: | ||
| 出版信息: | 北京 化学工业出版社 1990.11 |
|
| 页数: | 151页 | |
| 开本: | 26厘米 | |
| 丛书名: | ||
| 单 册: | ||
| 中图分类: | TQ050.9 | |
| 科图分类: | ||
| 主题词: | 化工机械--专业学校--教材 , 防腐--专业学校--教材 , 化工设备 | |
| 电子资源: | ||
| ISBN: | 7-5025-0772-8 | |
| 000 | 00723nam0 2200253 45 | |
| 001 | 0191020937 | |
| 005 | 20061123101210.56 | |
| 010 | @a7-5025-0772-8@dCNY1.90 | |
| 100 | @a19910829d1990 em y0chiy0121 ea | |
| 101 | 0 | @achi |
| 102 | @aCN@b110000 | |
| 105 | @ay z 000yy | |
| 200 | 10 | @a化工腐蚀与防护@AHUA GONG FU SHI YU FANG HU@f丁丕洽主编@FDING PI QIA ZHU BIAN |
| 210 | @a北京@c化学工业出版社@d1990.11 | |
| 215 | @a151页@d26厘米 | |
| 300 | @a中等专业学校教材 | |
| 540 | 1 | @a化工@AHUA GONG |
| 606 | @a化工机械@x专业学校@x教材 | |
| 606 | @a防腐@x专业学校@x教材 | |
| 606 | 0 | @a化工设备 |
| 690 | @aTQ050.9@v3 | |
| 701 | 0 | @a丁丕洽@ADING PI QIA@4主编 |
| 801 | 0 | @aCN@bTSSF@c20061123 |
| 905 | @a10447@dTQ050.9@e40 | |
| 化工腐蚀与防护/丁丕洽主编.-北京:化学工业出版社,1990.11 |
| 151页;26厘米 |
| 中等专业学校教材 |
| ISBN 7-5025-0772-8:CNY1.90 |
| ● |
| 相关链接 |
|
|
|
|
正题名:化工腐蚀与防护
索取号:TQ050.9/40
 
预约/预借
| 序号 | 登录号 | 条形码 | 馆藏地/架位号 | 状态 | 备注 |
| 1 | 0259249 | 001477510 | 第二样本阅览室/ [索取号:TQ050.9/40] | 在馆 |